000 00592nam a2200229Ia 4500
003 OSt
005 20250919090929.0
008 210210b2012 xxu||||| |||| 00| 0 eng d
020 _a9780415502368
040 _cAL
041 _aeng
082 _a327.51 DEVE
100 _aSudhir T Devare
_9239471
245 _aEmerging China
_b: prospects for partnership in Asia
260 _aLondon
_bRoutledge
_c2012
300 _axxii,413p
650 _aprospects
_9239472
690 _aInternational Relations
_9239479
700 _aSingh, Swaran
_9239480
906 _a068729
942 _2ddc
_cBK
999 _c152930
_d152930